000 00978nam a2200301Ia 4500
003 OSt
005 20221007121107.0
006 a|||||r|||| 00| 0
007 ta
008 221006b |||||||| |||| 00| 0 eng d
020 _a9780470685485 (hbd)
024 _a117843
037 _b119, 10/12/2010, Dhanraj Book House
_cTextbook
040 _aBDL
_cBDL
_beng
041 _2eng
_aeng
082 _aI,11:6, Q0;1 Carb
100 _aDavey Michael R
245 0 _aPlant cell culture:essential methods
_b Anthony Paul
260 _aNew
_bJersey Wiley-Blackwell
_c2010
300 _axvi, 341p.
_ccm.
500 _aIncludes bibliographical references.; Index 333-341p.
650 _a Plant cell culture
_9710634
650 _a Plant tissue culture
650 _aBotany
700 _a Anthony Paul
942 _hI,11:6, Q0;1 Carb
_cTB
_2CC
999 _c1208430
_d1208430